Central Library OPAC University of Rajshahi

Caste, kinship, and community : (Record no. 35029)

MARC details
000 -LEADER
fixed length control field 00915nam a2200253 a 4500
001 - CONTROL NUMBER
control field 35029
003 - CONTROL NUMBER IDENTIFIER
rucl marc code BD-RjUL
005 - DATE AND TIME OF LATEST TRANSACTION
control field 20211209052241.0
008 - FIXED-LENGTH DATA ELEMENTS--GENERAL INFORMATION
fixed length control field 140520s1986 ii a b s001 0 eng
020 ## - INTERNATIONAL STANDARD BOOK NUMBER
International Standard Book Number 0861316932
035 ## - SYSTEM CONTROL NUMBER
System control number (BD-RjUL)35123
040 ## - CATALOGING SOURCE
Original cataloging agency DLC
Transcribing agency DLC
Modifying agency BD-RjUL
Language of cataloging eng
041 ## - LANGUAGE CODE
Language code of text/sound track or separate title eng
082 00 - DEWEY DECIMAL CLASSIFICATION NUMBER
Classification number 305.5122095414
Edition number 20
Author mark and year DAC 1993
100 1# - MAIN ENTRY--PERSONAL NAME
Personal name Dasgupta, Satadal,
Dates associated with a name 1937-
9 (RLIN) 106678
245 10 - TITLE STATEMENT
Title Caste, kinship, and community :
Remainder of title social system of a Bengal caste /
Statement of responsibility, etc. Satadal Dasgupta.
260 ## - PUBLICATION, DISTRIBUTION, ETC. (IMPRINT)
Place of publication, distribution, etc. Madras :
Name of publisher, distributor, etc. Universities Press ;
Place of publication, distribution, etc. Hyderabad, India :
Name of publisher, distributor, etc. Distributed by Orient Longman,
Date of publication, distribution, etc. 1986 [Reprinted 1993]
300 ## - PHYSICAL DESCRIPTION
Pagination xii, 291 p. :
Illustrations ill. ;
Size 23 cm.
504 ## - BIBLIOGRAPHY, ETC. NOTE
Bibliography, etc Includes bibliographical references (p. [283]-286).
520 ## - SUMMARY, ETC.
Summary, etc. With reference to the Dule Bagdis, cultivating and fishing caste in West Bengal.
650 #0 - SUBJECT ADDED ENTRY--TOPICAL TERM
Topical term or geographic name as entry element Bagdis.
9 (RLIN) 106679
942 ## - ADDED ENTRY ELEMENTS (KOHA)
Source of classification or shelving scheme Dewey Decimal Classification
Koha item type Books
Holdings
Lost status Source of classification or shelving scheme Damaged status Not for loan Collection code Permanent Location Current Location Shelving location Date acquired Source of acquisition Cost, normal purchase price Total Checkouts Full call number Date last seen Copy number Koha item type
  Dewey Decimal Classification     Non-fiction Central Library, University of Rajshahi Central Library, University of Rajshahi   30/07/1996 Dhaka, Ankur prokashani 110.00   305.5122095414 DAC 1986 20/05/2014 C-2 Books
  Dewey Decimal Classification   Not For Loan Non-fiction Central Library, University of Rajshahi Central Library, University of Rajshahi Reading Room 30/07/1996 Ankur Prokasoni, Dhaka 110.00   305.5122095414 DAC 1993 12/12/2016 C-1 Books